<?xml version="1.0" encoding="UTF-8"?>
<record
    xmlns:xsi="http://www.w3.org/2001/XMLSchema-instance"
    xsi:schemaLocation="http://www.loc.gov/MARC21/slim http://www.loc.gov/standards/marcxml/schema/MARC21slim.xsd"
    xmlns="http://www.loc.gov/MARC21/slim">

  <leader>01240    a2200205   4500</leader>
  <controlfield tag="001">117260</controlfield>
  <datafield tag="020" ind1=" " ind2=" ">
    <subfield code="a">9781889636191</subfield>
  </datafield>
  <datafield tag="020" ind1=" " ind2=" ">
    <subfield code="q">broch.</subfield>
  </datafield>
  <datafield tag="082" ind1=" " ind2=" ">
    <subfield code="a">372</subfield>
  </datafield>
  <datafield tag="100" ind1=" " ind2=" ">
    <subfield code="a">Forrest, Donna B.</subfield>
  </datafield>
  <datafield tag="520" ind1=" " ind2=" ">
    <subfield code="a">Unfortunately, we can no longer assume that children will understand and honor the concepts of responsibility, respect, courage, kindness, and other positive charcter traits. This book offers a wonderfully unique approach to help students to better comprehend and practice these traits which are fundamental for success in school and throughout life. It offers one-of-a-kind detailed lesson plans (some of which include bulletin board ideas), parent letters, children's literature ideas, and reproducibles. It also features daily character-building statements that can be used throughout the school year. This book works great in conjunction with Donna's other book, 180 Days of Character.</subfield>
  </datafield>
  <datafield tag="697" ind1=" " ind2=" ">
    <subfield code="a">Character counts</subfield>
  </datafield>
  <datafield tag="856" ind1=" " ind2=" ">
    <subfield code="u">000029/000029f0.jpg</subfield>
  </datafield>
  <datafield tag="040" ind1=" " ind2=" ">
    <subfield code="a">BR-BrIDEA</subfield>
    <subfield code="c">BR-BrIDEA</subfield>
  </datafield>
  <datafield tag="090" ind1=" " ind2=" ">
    <subfield code="a">PL 372</subfield>
    <subfield code="b">FOR</subfield>
  </datafield>
  <datafield tag="245" ind1="1" ind2="0">
    <subfield code="a">Character under construction</subfield>
    <subfield code="b">character building actvities &amp; reproducibles for grades K-6</subfield>
    <subfield code="c">Donna B. Forrest</subfield>
  </datafield>
  <datafield tag="260" ind1=" " ind2=" ">
    <subfield code="a">Chapin, SC</subfield>
    <subfield code="b">YouthLight</subfield>
    <subfield code="c">2005</subfield>
  </datafield>
  <datafield tag="300" ind1=" " ind2=" ">
    <subfield code="a">174 p.</subfield>
    <subfield code="b">ill.</subfield>
  </datafield>
  <datafield tag="942" ind1=" " ind2=" ">
    <subfield code="c">BK</subfield>
  </datafield>
  <datafield tag="952" ind1=" " ind2=" ">
    <subfield code="0">0</subfield>
    <subfield code="1">0</subfield>
    <subfield code="2">ddc</subfield>
    <subfield code="4">0</subfield>
    <subfield code="7">0</subfield>
    <subfield code="a">12.28</subfield>
    <subfield code="b">12.28</subfield>
    <subfield code="d">2021-05-26</subfield>
    <subfield code="l">0</subfield>
    <subfield code="o">PL 372 FOR</subfield>
    <subfield code="p">00054211SSW</subfield>
    <subfield code="r">2024-01-23 14:59:33</subfield>
    <subfield code="w">2024-01-23</subfield>
    <subfield code="y">BK</subfield>
  </datafield>
  <datafield tag="999" ind1=" " ind2=" ">
    <subfield code="c">117260</subfield>
    <subfield code="d">117260</subfield>
  </datafield>
</record>
